Central Library OPAC University of Rajshahi

La vie musicale au Canada franc̜ais / (Record no. 20316)

MARC details
000 -LEADER
fixed length control field 00905nam a22002772 4500
001 - CONTROL NUMBER
control field 20316
003 - CONTROL NUMBER IDENTIFIER
rucl marc code BD-RjUL
005 - DATE AND TIME OF LATEST TRANSACTION
control field 20211209000540.0
008 - FIXED-LENGTH DATA ELEMENTS--GENERAL INFORMATION
fixed length control field 140227s1964 xx b 001 0 fre d
035 ## - SYSTEM CONTROL NUMBER
System control number OCLC ocm00285048 from D970528M
-- (BD-RjUL)20378
040 ## - CATALOGING SOURCE
Original cataloging agency OBE
Transcribing agency OBE
Modifying agency BD-RjUL
Language of cataloging eng
041 ## - LANGUAGE CODE
Language code of text/sound track or separate title eng
082 ## - DEWEY DECIMAL CLASSIFICATION NUMBER
Classification number 780
Author mark and year LAL 1964
100 1# - MAIN ENTRY--PERSONAL NAME
Personal name Lasalle-Leduc, Annette.
9 (RLIN) 62626
245 13 - TITLE STATEMENT
Title La vie musicale au Canada franc̜ais /
260 ## - PUBLICATION, DISTRIBUTION, ETC. (IMPRINT)
Place of publication, distribution, etc. Québec :
Name of publisher, distributor, etc. Ministère des affaires culturelles,
Date of publication, distribution, etc. 1964.
300 ## - PHYSICAL DESCRIPTION
Pagination 103 p. :
Illustrations illus., ports. ;
Size 23cm.
490 1# - SERIES STATEMENT
Series statement Collection art, vie et sciences au Canada français ;
Volume/sequential designation 4
500 ## - GENERAL NOTE
General note Includes index.
504 ## - BIBLIOGRAPHY, ETC. NOTE
Bibliography, etc Bibliography: p. 98.
650 #0 - SUBJECT ADDED ENTRY--TOPICAL TERM
Topical term or geographic name as entry element Music
Geographic subdivision Canada
General subdivision History and criticism.
9 (RLIN) 62627
830 #0 - SERIES ADDED ENTRY--UNIFORM TITLE
Volume number/sequential designation 4
Uniform title Collection art, vie et sciences au Canada français ;
942 ## - ADDED ENTRY ELEMENTS (KOHA)
Source of classification or shelving scheme Dewey Decimal Classification
Koha item type Books
Holdings
Lost status Source of classification or shelving scheme Damaged status Not for loan Collection code Permanent Location Current Location Shelving location Date acquired Source of acquisition Cost, normal purchase price Total Checkouts Full call number Date last seen Copy number Koha item type
  Dewey Decimal Classification   Not For Loan Non-fiction Central Library, University of Rajshahi Central Library, University of Rajshahi Reading Room 16/07/1968 Canadian High nCommissioner Karachi 0.00   780 LAL 1964 27/02/2014 C-1 Books